00000000nas##2200000za#4500
0019.509278
003CaOODSP
00520200331210957
007ta
008150406c1994||||xxc|| m #||||f|   |0eng|d
040 |aCaOODSP|beng
041 |aeng
041 |afre
043 |an-cn---
0861 |aEn49-2
1101 |aCanada. |bEnvironment Canada. |bEnvironmental Protection Service.
24510|aReport
2463 |aReport (Canada. Environment Canada)
260 |aOttawa - Ontario : |bEnvironment Canada.
310 |aIrregular
3621 |aReport EPS/7/AP/
500 |aCanadian cataloguing in publication data printed in these publications.
500 |aAlso published separately in English and French (Cat. nos. En49-2E, En49-2F).
7760#|tRapport |w(CaOODSP)9.500160
792 |tRapport |efre|w(CaOODSP)9.509279